000 01223nam a2200349 i 4500
001 000048970
003 DO-SdBNP
005 20251117071056.0
007 ta
008 190510s2016 dr r 000 0 spa d
020 _a9789945587098
040 _aDO-SdBNP
_bspa
_cBNPHU
_erda
041 1 7 _aspa
082 4 _axxx
_bS462h
_222
100 1 _aSeitenfus, Ricardo A.S.,
_d1948-
_eautor
_976395
245 1 0 _aReconstruir Haití :
_bentre la esperanza y el tridente imperial /
_cRicardo A. S. Seitenfus ; traducción Zéila Maluza Stein, Verónica Alemán, Rosario Carcuro.
264 _aSanto Domingo :
_bFundación Juan Bosch,
_c2016.
300 _a548 páginas ;
_c23 cm.
336 _2rdacontent
_atexto
_btxt
337 _2rdamedia
_asin mediación
_bn
338 _2rdacarrier
_avolumen
_bnc
490 1 _aBosch Vive
_v17
500 _aIncluye referencias bibliográficas y notas al pie de las páginas
504 _aBibliografía : p. 541-548
590 _aInventariado, 2019/BT
700 1 _aMaluza Stein, Zéila,
_etraductor
_976396
700 1 _aAlemán, Verónica,
_etraductor
_976397
700 1 _aCarcuro, Rosario,
_etraductor
_976398
830 0 _aBosch Vive
_n17
_976399
910 _aBT
942 _2ddc
_cLBS1
999 _c48458
_d48458